| 000 | 00502nam a22001697a 4500 | ||
|---|---|---|---|
| 003 | OSt | ||
| 005 | 20251128152204.0 | ||
| 008 | 251128b |||||||| |||| 00| 0 eng d | ||
| 040 |
_aDWC-Main Lib. _cOC |
||
| 082 | _aSC. 899.2113 R529h 1962 | ||
| 100 | _aRizal, Jose | ||
| 245 |
_aHare sa sako pagdoot: _bnoli me tangere/ _cJose Rizal |
||
| 260 |
_aManila: _bComision Nin Centenario ni Jose Rizal, _cc1962. |
||
| 300 |
_axv, 487,xv p. ; _c25 cm. |
||
| 650 | _aNoli Me Tangere. | ||
| 942 |
_2ddc _cSC _kSC. _n0 |
||
| 999 |
_c6576 _d6576 |
||